Jogadores de Benfica 25/26 - Statistics

Estatísticas Gerais
  • Esse quiz foi jogado 9 vezes
    5 desde o último reset
  • A pontuação média é 16 de 29
Estatísticas das Respostas
Jogador % Correto
1 Anatoliy Trubin
100%
4 António Silva
100%
Treinador José Mourinho
100%
30 Nicolás Otamendi
100%
5 Enzo Barrenechea
80%
9 Franjo Ivanovic
80%
10 Georgiy Sudakov
80%
25 Gianluca Prestianni
80%
27 Rafa
80%
20 Richard Rios
80%
44 Tomás Araújo
80%
21 Andreas Schjelderup
60%
7 Bruma
60%
8 Fredrik Aursnes
60%
18 Leandro Barreiro
60%
26 Samuel Dahl
60%
14 Vangelis Pavlidis
60%
17 Amar Dedic
40%
72 Anisio Cabral
40%
58 Daniel Banjaqui
40%
11 Dodi Lukebakio
40%
84 João Rego
40%
16 Manu Silva
40%
6 Alexander Bah
20%
39 Henrique Araújo
20%
62 José Neto
20%
24 Samuel Soares
20%
68 João Veloso
0%
15 Sidny Lopes Cabral
0%
Nenhum quiz correspondente encontrado
Distribuição das Pontuações
Porcentagem de Pessoas com Cada Pontuação
Percentil de Números Respondidos
Sua Pontuação Histórica
Você não jogou esse quiz desde o último reset